<?xml version="1.0" encoding="UTF-8"?>
<record
    xmlns:xsi="http://www.w3.org/2001/XMLSchema-instance"
    xsi:schemaLocation="http://www.loc.gov/MARC21/slim http://www.loc.gov/standards/marcxml/schema/MARC21slim.xsd"
    xmlns="http://www.loc.gov/MARC21/slim">

  <leader>01186nam a2200265 a 4500</leader>
  <controlfield tag="001">79416</controlfield>
  <controlfield tag="003">BD-RjUL</controlfield>
  <controlfield tag="005">20220511124950.0</controlfield>
  <controlfield tag="008">220219s2006    bg a|||| m||| 00| 0 eng d</controlfield>
  <datafield tag="035" ind1=" " ind2=" ">
    <subfield code="a">(BD-RjUL)79416</subfield>
  </datafield>
  <datafield tag="040" ind1=" " ind2=" ">
    <subfield code="a">BD-RjUL</subfield>
    <subfield code="b">eng</subfield>
    <subfield code="d">BD-RjUL</subfield>
  </datafield>
  <datafield tag="041" ind1=" " ind2=" ">
    <subfield code="a">eng</subfield>
  </datafield>
  <datafield tag="082" ind1=" " ind2=" ">
    <subfield code="2">23</subfield>
    <subfield code="a">307.112</subfield>
    <subfield code="b">MAR 2006</subfield>
  </datafield>
  <datafield tag="100" ind1=" " ind2=" ">
    <subfield code="a">Mamun, Sheikh Md. Mursalin</subfield>
    <subfield code="9">1458</subfield>
  </datafield>
  <datafield tag="245" ind1=" " ind2=" ">
    <subfield code="a">Role of Union Plan Book in Rural Devlopment :</subfield>
    <subfield code="b"> A Case Study of Dighalia Upazila Under Khulna District /</subfield>
    <subfield code="c">Sheikh Md. Mursalin Mamun ;</subfield>
    <subfield code="6">Supervisor: M. Zainul Abedin</subfield>
  </datafield>
  <datafield tag="260" ind1=" " ind2=" ">
    <subfield code="a">Rajshahi : </subfield>
    <subfield code="b">Institute of Bangladesh Studies (IBS), University of Rajshahi,</subfield>
    <subfield code="c">2006</subfield>
  </datafield>
  <datafield tag="300" ind1=" " ind2=" ">
    <subfield code="a">xvii, [1], 165 leaves :</subfield>
    <subfield code="b">ill.;</subfield>
    <subfield code="c">29cm.</subfield>
  </datafield>
  <datafield tag="502" ind1=" " ind2=" ">
    <subfield code="a">Thesis (M. Phil.) -- Institute of Bangladesh Studies (IBS), University of Rajshahi,  2006</subfield>
  </datafield>
  <datafield tag="504" ind1=" " ind2=" ">
    <subfield code="a">Bibliography : Leaves 126-165</subfield>
  </datafield>
  <datafield tag="650" ind1=" " ind2=" ">
    <subfield code="a">Rural development</subfield>
    <subfield code="x">Planning</subfield>
    <subfield code="z">Bangladesh</subfield>
    <subfield code="z">Khulna District</subfield>
    <subfield code="z">Dighalia Upazila</subfield>
    <subfield code="9">2924</subfield>
  </datafield>
  <datafield tag="651" ind1=" " ind2=" ">
    <subfield code="z">Bangladesh</subfield>
    <subfield code="z">Khulna District </subfield>
    <subfield code="z">Dighalia Upazila</subfield>
    <subfield code="x">Economic Conditions</subfield>
    <subfield code="9">2925</subfield>
  </datafield>
  <datafield tag="651" ind1=" " ind2=" ">
    <subfield code="z">Bangladesh</subfield>
    <subfield code="z">Khulna District </subfield>
    <subfield code="z">Dighalia Upazila</subfield>
    <subfield code="x">Social Conditons</subfield>
    <subfield code="9">2926</subfield>
  </datafield>
  <datafield tag="700" ind1=" " ind2=" ">
    <subfield code="a">Abedin, M. Zainul, Supervisor</subfield>
    <subfield code="9">1323</subfield>
  </datafield>
  <datafield tag="942" ind1=" " ind2=" ">
    <subfield code="2">ddc</subfield>
    <subfield code="c">THE</subfield>
  </datafield>
  <datafield tag="999" ind1=" " ind2=" ">
    <subfield code="c">79416</subfield>
    <subfield code="d">79416</subfield>
  </datafield>
  <datafield tag="952" ind1=" " ind2=" ">
    <subfield code="1">0</subfield>
    <subfield code="2">ddc</subfield>
    <subfield code="4">0</subfield>
    <subfield code="7">1</subfield>
    <subfield code="8">THESES</subfield>
    <subfield code="a">RUCL</subfield>
    <subfield code="b">RUCL</subfield>
    <subfield code="c">Doc/The</subfield>
    <subfield code="d">2007-11-19</subfield>
    <subfield code="e">Controller of Exam. ,  R.U.</subfield>
    <subfield code="o">THE 307.112 MAR 2006</subfield>
    <subfield code="p">D2672</subfield>
    <subfield code="r">2022-02-19 00:00:00</subfield>
    <subfield code="t">C-1</subfield>
    <subfield code="y">THE</subfield>
  </datafield>
</record>
